| 000 | 00589cam a2200217 4500 | ||
|---|---|---|---|
| 001 | 3196420 | ||
| 003 | OSt | ||
| 005 | 20180116183021.0 | ||
| 008 | 710323s1971 nyu 000 1 eng | ||
| 010 | _a 77133476 | ||
| 040 |
_aDLC _cDLC _dDLC |
||
| 050 | 0 | 0 |
_aPZ4.L9455 _bSc _aPS3562.U26 |
| 082 | 0 | 0 | _a813.54 LUD 1971 |
| 100 | 1 |
_aLudlum, Robert, _d1927-2001. |
|
| 245 | 1 | 4 |
_aThe Scarlatti inheritance; _ba novel. |
| 260 |
_aNew York, _bWorld Pub. Co. _c[1971] |
||
| 300 |
_a354 p. _c24 cm. |
||
| 350 | _a$6.95 | ||
| 906 |
_a7 _bcbc _corignew _d2 _encip _f19 _gy-gencatlg |
||
| 942 |
_2ddc _cBK |
||
| 999 |
_c350577 _d350577 |
||